000
00507nam a2200181Ia 4500
008
090124s9999 xx 000 0 und d
082
_b
123627
100
_a
गांगल वसंत
245
_a
मन पिसाट माझे
250
_a
1
260
_c
1989
300
_a
324
600
_a
गांगल वसंत
630
_a
मन पिसाट माझे
700
_a
गांगल वसंत
730
_a
मन पिसाट माझे
942
_c
BOOK
999
_c
169714
_d
169714